zpět

Detail výsledku týmu

Bartolomějka, Kolín

Datum a čas kvízu

36 Celkem bodů Celkový počet nahraných bodů na tomto kvízu bez doplňovacích otázek.
3. Pořadí na kvízu Konečné umístění týmu na tomto kvízu.

Zaznamenané odpovědi

# Otázka Odpověď Body Výsledky
1. Hlavní město Praha spouští nov... 0
2. Manželka amerického prezidenta... 1
3. V pondělí byl neznámými útoční... 0
4. Senát dalšího státu schválil 2... 1
5. Žádné překvapení se nekonalo,... 1
6. Podíváme se na zvířata, která... 1
7. Na území kterého státu žije vě... 1
8. Asi málokoho překvapí, že druh... 0
9. Menší kočkovitá šelma margay,... 1
10. Svět je opravdu plný paradoxů.... 0